| 000 | 00454nam a2200169 a 4500 | ||
|---|---|---|---|
| 001 | 38517 | ||
| 003 | BD-RjUL | ||
| 005 | 20211209052818.0 | ||
| 008 | 151222b uk ||||| |||| 00| 0 eng d | ||
| 035 | _a(BD-RjUL)38622 | ||
| 040 |
_aBD-RjUL _beng |
||
| 082 |
_223 _a072.1 _bSUT |
||
| 245 |
_aThe Sunday Times/ _cKemsley Newspaper Limited. |
||
| 260 |
_aLondon : _bKemsley Newspaper Limited, |
||
| 650 |
_aDaily Newspaper _zEngland _9117777 |
||
| 942 |
_2ddc _cNP |
||
| 999 |
_c38517 _d38517 |
||